Conditional cash transfer program and women's empowerment : a case study in the Sidi Bouabdelli-Tiznit Province, Morocco /
Saved in:
| Main Author: | |
|---|---|
| Format: | Thesis Book |
| Language: | English |
| Published: |
2018.
|
| Subjects: | |
| Tags: |
Add Tag
No Tags, Be the first to tag this record!
|
| LEADER | 01284cam a2200313 i 4500 | ||
|---|---|---|---|
| 001 | u1127650 | ||
| 003 | SIRSI | ||
| 005 | 201912021254 | ||
| 008 | 191202s2018 my a m 000 0 eng | ||
| 040 | |a UMM |e rda | ||
| 043 | |a f-mr--- | ||
| 090 | |a GN6 |b UM 2018 Oma | ||
| 100 | 1 | |a Omar, Ben Haman, |e author. | |
| 245 | 1 | 0 | |a Conditional cash transfer program and women's empowerment : |b a case study in the Sidi Bouabdelli-Tiznit Province, Morocco / |c Ben Haman Omar. |
| 264 | 1 | |c 2018. | |
| 300 | |a xvi, 215 leaves : |b illustrations ; |c 30 cm | ||
| 336 | |a text |2 rdacontent | ||
| 337 | |a unmediated |2 rdamedia | ||
| 338 | |a volume |2 rdacarrier | ||
| 502 | |b M.A. |c Jabatan Antropologi dan Sosiologi, Fakulti Sastera dan Sains Sosial, Universiti Malaya |d 2018. | ||
| 504 | |a Bibliography: leaves 162-177. | ||
| 650 | 0 | |a Public welfare |z Morocco. | |
| 650 | 0 | |a Economic assistance, Domestic |z Morocco. | |
| 650 | 0 | |a Women |z Morocco |x Economic conditions. | |
| 651 | 0 | |a Morocco |x Economic conditions. | |
| 710 | 2 | |a Universiti Malaya. |b Jabatan Antropologi dan Sosiologi, |e degree granting institution. | |
| 900 | |a NNANS NSM | ||
| 596 | |a 1 | ||
| 999 | |a GN6 UM 2018 OMA |w LC |c 1 |i A516413992 |f 5/12/2019 |g 1 |l STACKS |m P01UTAMA |r Y |s Y |t TESIS |u 2/12/2019 |1 AHSS |o .STAFF. Surat agreement & Cd tidak disertakan (FSSS). | ||
